00425nam a2200133Ia 4500008004100000024003200041082001800073100004100091110002100132245005300153260002600206600003800232650002100270260210s9999 xx 000 0 und d a20B-129-CS & 20B-123-CS a004.36072 ABB aHaroon Abbasi & M. Fardeen Tariq aDr. Farhan Karim 0aMulti Cloud Virtual Machine Management Dashboard aKarachi:bUITU,c2020 aBachelor of Computer Science (BS) aComputer Science